000 00858nam a2200265Ia 4500
003 OSt
005 20220925205744.0
006 a|||||r|||| 00| 0
007 ta
008 220923b |||||||| |||| 00| 0 eng d
020 _a0824815157
037 _cGeneral Book
040 _aRTL
_cRTL
_beng
041 _2eng
_aeng
082 _aY:3(/\ :87).43.N9, N3
100 _aWatson C. W.
_9270940
245 0 _aUnderstanding witchcraft and sorcery in Southeast Asia
260 _aHonolulu
_bUniversity of Hawaii Press
_c1993
300 _aviii, 222p
_ccm.
490 _aCanterbury International Symposium on Southeast Asia Studies
650 _aSociology of Magic and Witchcraft
_9256330
700 _a Allen Roy Ed.
_9270941
942 _hY:3(/\ :87).43.N9, N3
_cGB
_2CC
999 _c553108
_d553108